Statystyki dla Meksyk - prawda czy fałsz?

Kliknij tutaj aby rozwiązać quiz!

Ogólne statystyki

  • Ten quiz został rozwiązany 66 razy
  • Średni wynik to 10 z 15

Statystyki odpowiedzi

ZagadnienieOdpowiedź% Poprawnych
Chihuahua to stan w Meksyku.Prawda
83%
Meksyk jest najbiedniejszym krajem położonym na półkuli zachodniej.Fałsz
81%
Meksyk graniczy z Zatoką Meksykańską.Prawda
81%
Na fladze Meksyk widnieje orzeł.Prawda
81%
Meksyk jest częścią Ameryki Południowej.Fałsz
78%
Pełna nazwa w języku hiszpańskim Meksyku to: Estados Unidos Mexicanos.Prawda
78%
Kukurydza została pierwotnie udomowiona w Meksyku.Prawda
76%
Meksyk posiada aktywne wulkany.Prawda
75%
Meksyk graniczy z Panamą.Fałsz
71%
Cancun położony jest na półwyspie kalifornijskim.Fałsz
69%
Meksyk posiada niższy wskaźnik morderstw niż Stany Zjednoczone.Fałsz
64%
Narcocorrido to gatunek muzyki, który opowiadaja historie o nielegalnym handlu narkotykami.Prawda
51%
Meksyk świętuje niepodległość 5 maja, inaczej Cinco de MayoFałsz
41%
Francja najechała na Meksyk w XIX wieku i zainstalowała cesarza.Prawda
31%
Aztekowie pierwotnie opracowali paprykę widmo jako sposób na zatrucie szczurów.Fałsz
24%

Rozkład punktacji

Percentyl według liczby udzielonych odpowiedzi

Procent ludzi z każdym wynikiem

Twoja historia wyników

Nie rozwiązałeś tego quizu